000
00234nam a2200097Ia 4500
001
978132
005
20250826220741.0
008
250824s9999 xx 000 0 und d
245
0
_a
KARDELENLER
_c
AYŞE KULİN
260
_b
REMZİ KİTABEVİ
999
_c
978132
_d
978132